ARRUPE JESUIT UNIVERSITY

CORONAVIRUS -STOP THE SPREAD - CLEAN,DISINFECT,COVER

Understanding St. Thomas on analogy (Record no. 119634)

MARC details
000 -LEADER
fixed length control field 00505nam a22001577a 4500
008 - FIXED-LENGTH DATA ELEMENTS--GENERAL INFORMATION
fixed length control field 140122b xxu||||| |||| 00| 0 eng d
020 ## - INTERNATIONAL STANDARD BOOK NUMBER
International Standard Book Number 9781449977672 SFX
050 ## - LIBRARY OF CONGRESS CALL NUMBER
Classification number B765.T54M887 2006
100 ## - MAIN ENTRY--PERSONAL NAME
Personal name Mortensen, John R.
9 (RLIN) 6880
245 ## - TITLE STATEMENT
Title Understanding St. Thomas on analogy
Statement of responsibility, etc John R. Mortensen
260 ## - PUBLICATION, DISTRIBUTION, ETC. (IMPRINT)
Place of publication, distribution, etc Roma
Name of publisher, distributor, etc Pontificia Universitas Sanctae Crucis
Date of publication, distribution, etc 2006
300 ## - PHYSICAL DESCRIPTION
Extent 266p.;
Dimensions 25cm
600 ## - SUBJECT ADDED ENTRY--PERSONAL NAME
Personal name Thomas Aquinas, St.
9 (RLIN) 6881
650 ## - SUBJECT ADDED ENTRY--TOPICAL TERM
Topical term or geographic name as entry element Analogy (Philosophy)
9 (RLIN) 6882
942 ## - ADDED ENTRY ELEMENTS (KOHA)
Source of classification or shelving scheme Library of Congress Classification
Item type Monograph ( Printed materials)
Holdings
Withdrawn status Lost status Source of classification or shelving scheme Damaged status Not for loan Home library Current library Date acquired Total Checkouts Full call number Barcode Date last seen Price effective from Koha item type
    Library of Congress Classification     ARRUPE LIBRARY ARRUPE LIBRARY 22/01/2014   B765.T54M887 2006 464122765 22/01/2014 22/01/2014 Monograph ( Printed materials)

 

Arrupe Library. PO Box MP320 Mt Pleasant, Harare, Zimbabwe
263 242 745411|librarian@aju.ac.zw